| 000 | 00478nam a22001697a 4500 | ||
|---|---|---|---|
| 003 | NUST - PNEC | ||
| 005 | 20170116180901.0 | ||
| 008 | 150901b xxu||||| |||| 00| 0 eng d | ||
| 020 | _a- | ||
| 040 | _cLIBRARY | ||
| 082 | _a620 HUG | ||
| 100 |
_96331 _aHughes, William F. and Gaylord, Eber W. |
||
| 245 |
_aBasic equations of engineering science _cWilliam F. Hughes and Eber W. Gaylord |
||
| 260 | _cc1964. | ||
| 650 |
_96335 _aEngineering Mathematics _xEM |
||
| 942 |
_2ddc _cBK |
||
| 999 |
_c64963 _d64963 |
||